=LDR 00000nam 2200000 4500 =001 INLIS000000000031128 =005 20130612133223 =008 ***********************************ind** =035 ##$$a0010-061300000031128 =041 ##$$a ind =082 ##$$a 635.642 =090 ##$$a 635.642, Pan p =245 ##$$a Panduan lengkap budi daya tomat, penunting, Tri Listyarini, Bagus Harianto =260 ##$$a 2007 $b Jakarta =300 ##$$a vi,234 hlm, ilus, 23 cm =650 ##$$a Tomat,Budidaya =700 ##$$a Listyarini,Tri =850 ##$$a NBPNMAT =990 ##$$a 93371/BPAP-NTB/2014